| 000 | 01063cam a2200193 4500 | ||
|---|---|---|---|
| 001 | WB3918-12 | ||
| 008 | 030514n2003 000 0 eng u | ||
| 035 | _a(Sirsi) u122260 | ||
| 245 | _aImproved standards of homeless housing | ||
| 260 | _c2003 | ||
| 490 |
_aODPM News Release _v(086) 13 May 2003 (2) |
||
| 520 | _aA new consultation proposes statutory guidance to enforce minimum standards for bed and breakfast hotels housing homeless people. "Improving standards of accommodation for homeless households placed in temporary accommodation by housing authorities" addresses areas such as size and occupancy of levels of rooms, location of cooking and bathing facilities and management standards. Consultation ends 5 August 2003. Consultation document at www.homelessness.odpm.gov.uk/bedandbreakfast/pubs/temporary/index.htm. www.odpm.gov.uk/pns/DisplayPN.cgi?pn_id=2003_0086 | ||
| 590 | _aWB | ||
| 650 | _aTEMPORARY ACCOMMODATION | ||
| 650 | _aHOMELESS | ||
| 650 | _aBED AND BREAKFAST ACCOMMODATION | ||
| 690 |
_aAffordable housing _96215 |
||
| 942 | _n0 | ||
| 999 |
_c72662 _d72662 |
||